00371nam a2200121Ia 45000010005000000080041000050820019000461000068000652450028001332600044001619010029002059990015002343501241024s9999 xx 000 0 und d aRD/366.2/A837d aAsociación para el desarrollo de la provincia Espaillat-ADEPE 0aMemoria Anual 2011-2013 bEspaillat, República Dominicanac2013 a28/11/2013 12:02:06 p.m. c9343d9343